000 00823nam a2200229Ia 4500
008 130821s2008 ne a gr eng
020 _a9870444529725
040 _aCo-BoUCM
_bspa
041 0 0 _aeng
060 _aQW 545
245 0 4 _aThe kidney in systemic autoimmune diseases
_ceditado por Justin C. Mason y Charles D. Pusey
260 _aÁmsterdam (Holanda)
_bElsevier
_c2008
300 _axvi, 415 páginas
_bilustraciones
490 _aHandbook of systemic autoimmune diseases
_v7
504 _aIncluye referencias bibliográficas e índice.
650 0 4 _aAutoinmunidad
_99784
650 0 4 _aEnfermedades autoinmunes
_914272
650 0 4 _aInmunología
_917698
700 1 _aMason, Justin C.
_eeditor.
_9159750
700 1 _aPusey, Charles D.
_eeditor.
_9159751
942 _cLIBRO
_a15
_e1
_mH236
_2NLM
_hQW 545
_n0
999 _c38508
_d38508